HM Customs and Excise:The Seizure of Drug Traffickers' Assets (Record no. 3967)
[ view plain ]
| 000 -LEADER | |
|---|---|
| fixed length control field | 00396nam a22001337a 4500 |
| 008 - FIXED-LENGTH DATA ELEMENTS--GENERAL INFORMATION | |
| fixed length control field | 230717b xxu||||| |||| 00| 0 eng d |
| 020 ## - INTERNATIONAL STANDARD BOOK NUMBER | |
| International Standard Book Number | 010286196X |
| 082 ## - DEWEY DECIMAL CLASSIFICATION NUMBER | |
| Classification number | 363.4 |
| Item number | HMS |
| 110 ## - MAIN ENTRY--CORPORATE NAME | |
| Subordinate unit | National Audit Office |
| 245 ## - TITLE STATEMENT | |
| Title | HM Customs and Excise:The Seizure of Drug Traffickers' Assets |
| Remainder of title | Report by the Comptroller and Auditor General |
| 260 ## - PUBLICATION, DISTRIBUTION, ETC. (IMPRINT) | |
| Place of publication, distribution, etc. | London |
| Date of publication, distribution, etc. | 1996 |
| 300 ## - PHYSICAL DESCRIPTION | |
| Extent | 37p |
| 942 ## - ADDED ENTRY ELEMENTS (KOHA) | |
| Source of classification or shelving scheme | Dewey Decimal Classification |
| Koha item type | Books |
| Withdrawn status | Lost status | Source of classification or shelving scheme | Damaged status | Not for loan | Home library | Current library | Date acquired | Total Checkouts | Full call number | Barcode | Date last seen | Price effective from | Koha item type |
|---|---|---|---|---|---|---|---|---|---|---|---|---|---|
| Dewey Decimal Classification | County Hall Archives | County Hall Archives | 07/17/2023 | 363.4 HMS | 10011495 | 07/17/2023 | 07/17/2023 | Books |
